| 000 | 00669nam a2200241Ia 4500 | ||
|---|---|---|---|
| 008 | 160901s9999 xx 000 0 und d | ||
| 020 | _a1-55860-672-6 | ||
| 050 | _aComSc QA 76.9 | ||
| 050 | _b.D26H35 2001 | ||
| 100 | _aHalpin, Terry. | ||
| 245 | _aInformation modeling and relational databases : | ||
| 245 | _bfrom conceptual analysis to logical design / | ||
| 245 | _cTerry Halpin. | ||
| 260 | _aUSA : | ||
| 260 | _bAcademic Press, | ||
| 260 | _c2001 | ||
| 300 | _a761 pages : | ||
| 300 | _bill. ; | ||
| 300 | _c23 cm. | ||
| 500 | _aIncludes bibliographical references and index. | ||
| 650 | _aDatabase design. | ||
| 650 | _xRelational databases. | ||
| 999 |
_c300939 _d300939 |
||